Normal view
MARC view
Entry Nombre personal
001 - NÚMERO DE CONTROL
- campo de control: 31200
003 - IDENTIFICADOR DEL NÚMERO DE CONTROL
- campo de control: OSt
005 - FECHA Y HORA DE LA ÚLTIMA TRANSACCIÓN
- campo de control: 20230526110537.0
008 - DATOS DE LONGITUD FIJA
- campo de control de longitud fija: 200615|| aca||aabn | a|a d
040 ## - FUENTE DE LA CATALOGACIÓN
- Centro catalogador/agencia de origen: OSt
- Centro/agencia transcriptor: OSt
100 1# - ENCABEZAMIENTO-NOMBRE DE PERSONA
- Nombre de persona: Báez López-Penha, José Ramón
400 1# - TRAZADO DE VÉASE--NOMBRE DE PERSONA
- Nombre de persona: Báez López-Penha, J. R.
- Forma completa/desarrollada del nombre: (José Ramón)
400 1# - TRAZADO DE VÉASE--NOMBRE DE PERSONA
- Nombre de persona: López-Penha, José Ramón Báez
400 1# - TRAZADO DE VÉASE--NOMBRE DE PERSONA
- Nombre de persona: Penha, José Ramón Báez López-
670 ## - FUENTE DE DATOS ENCONTRADOS
- Cita de la fuente: Work cat.: (OSt)13358: Báez López-Penha, José Ramón, Dibujo lineal de proyección /, 1975.
670 ## - FUENTE DE DATOS ENCONTRADOS
- Cita de la fuente: Restauración de antiguos monumentos dominicanos, 1986
